000 00760nam0a22002651 4500
001 RU\NLR\INFOCOMM4\ROSSICA\1000412207
005 20250613190138.0
035 _a(NLR Aleph) 009903567
090 _a10583495
_c10583495
100 _a20030828d1921 |||y0rusy50 ca
101 0 _ahun
102 _aRU
105 _ay ||||000ay
200 1 _aA nepgazdaság szervezete tanácsoroszországban
_fL.Kritzmann
210 _aMoszkva
_d1921
215 _d
300 _aAz O.K.P.Magyar Agitàcios Osztalyai Központi Irodájának Kiadàsa (Forradalmi Irások)
700 1 _aKritzmann
_bL.
_4070
801 1 _aRU
_bInfoComm
_c20030828
801 0 _aRU
_bNLR
_gPSBO
852 _aNLR
_j26.21.5.190
942 _cBOOK
980 _aNB
980 _aRossica